Societálny a politický sektor v kontexte bezpečnosti štátu
Analýza parciálnej časti bezpečnostnej agendy štátu, ktorou je prelínanie societálneho a politického sektora bezpečnosti. Hrozby proti identite spoločnosti. Sekuritizácia a desekuritizácia societálneho a politického sektora bezpečnosti. Sektor bezpečnosti v európskom a slovenskom prostredí. Spôsoby...
Enregistré dans:
| Auteur principal: | |
|---|---|
| Autres auteurs: | |
| Format: | Chapitre de livre |
| Langue: | slovaque |
| Sujets: | |
| Tags: |
Pas de tags, Soyez le premier à ajouter un tag!
|
MARC
| LEADER | 00000naa a2200000 4500 | ||
|---|---|---|---|
| 001 | 0135214 | ||
| 005 | 20231207092009.5 | ||
| 041 | 0 | |a slo | |
| 044 | |a SK | ||
| 245 | 1 | 0 | |a Societálny a politický sektor v kontexte bezpečnosti štátu |c Jaroslav Ušiak, Pavel Nečas |
| 520 | |a Analýza parciálnej časti bezpečnostnej agendy štátu, ktorou je prelínanie societálneho a politického sektora bezpečnosti. Hrozby proti identite spoločnosti. Sekuritizácia a desekuritizácia societálneho a politického sektora bezpečnosti. Sektor bezpečnosti v európskom a slovenskom prostredí. Spôsoby riešenia problémov v slovenskom bezpečnostnom prostredí. Možnosti štátu v boji proti extrémizmu. | ||
| 610 | 2 | 0 | |a štát |
| 610 | 2 | 0 | |a bezpečnosť |
| 610 | 2 | 0 | |a extrémizmus |
| 610 | 2 | 0 | |a radikalizmus |
| 610 | 2 | 0 | |a Slovensko |
| 610 | 2 | 0 | |a Európska únia |
| 100 | 1 | |a Ušiak, Jaroslav | |
| 700 | 1 | |a Nečas, Pavel | |